00440 2200157 4500245006100000020002200061250001100083100001800094650002100112005001900133260007600152041001400228084001100242300002000253336000900273 aKamus Pertahanan (Resolusi Konflik)cSyaiful AnwarhText a978-623-504-590-0 aCet. 1 aSyaiful Anwar aKamus Pertahanan a20241105091419 aJakartabKementerian Pendidikan, Kebudayaan, Riset, dan Teknologic2024 aIndonesia a343.01 a148 Hlm. :cPDF atext